| 000 | 00669nam a22001937a 4500 | ||
|---|---|---|---|
| 003 | BD-DhUL | ||
| 005 | 20190320104712.0 | ||
| 008 | 180306s1987 xx ||||| |||b 00| 0 eng | | ||
| 040 |
_aBD-DhUL _cBD-DhUL |
||
| 082 |
_a341 _bUNR |
||
| 110 | 2 | _aUnited Nations | |
| 245 | 1 |
_aReport of the international law commission on the work of its thirty-ninth session / _cUnited Nations. |
|
| 260 |
_aNew York : _bUnited Nations, _c1987. |
||
| 300 |
_aiv, 136 p. ; _c28 cm |
||
| 500 | _a"General assembly, official records: forty-second session, supplement no. 10 (A/42/10)". | ||
| 504 | _aIncludes bibliographical references. | ||
| 650 | 0 | _aInternational law | |
| 942 |
_2ddc _cBK |
||
| 999 |
_c246657 _d246657 |
||